| 000 | 00384nam a22001577a 4500 | ||
|---|---|---|---|
| 999 |
_c532976 _d532976 |
||
| 003 | NUST | ||
| 005 | 20191209132002.0 | ||
| 008 | 191209b ||||| |||| 00| 0 eng d | ||
| 038 | _aMSOHAIL | ||
| 082 | _a624 CHE | ||
| 100 |
_aFeng Chen _926624 |
||
| 245 | _aA Study of Mitigation against Earthquake | ||
| 260 |
_aGermany _bScholars _cc2015 |
||
| 300 | _a208;p; | ||
| 942 |
_2ddc _cBK |
||